Top 200 Most Subscribed YouTube Channels - Statistics

General Stats
  • This quiz has been taken 91 times
    60 since last reset
  • The average score is 23 of 198
Answer Stats
Position Subscribers Answer % Correct
5 92,900,000 MrBeast
89%
4 111,000,000 PewDiePie
78%
1 212,000,000 T-Series
78%
2 132,000,000 Cocomelon
61%
13 68,200,000 Justin Bieber
50%
6 92,800,000 Kids Diana Show
41%
10 80,600,000 Vlad and Niki
41%
8 87,300,000 WWE
39%
12 73,300,000 BLACKPINK
37%
3 131,000,000 SET India
37%
37 46,100,000 Taylor Swift
37%
7 90,500,000 Like Nastya
35%
21 57,300,000 Dude Perfect
33%
9 82,900,000 Zee Music Company
30%
81 34,600,000 Bruno Mars
28%
22 56,800,000 Pinkfong
28%
11 76,200,000 5-Minute Crafts
26%
29 51,500,000 Ed Sheeran
26%
14 68,200,000 Goldmines
26%
16 65,300,000 Sony SAB
26%
19 61,900,000 Zee TV
26%
26 51,600,000 Wave Music
24%
89 32,900,000 YouTube
24%
55 39,200,000 A4
22%
17 65,200,000 BANGTANTV
22%
47 42,600,000 Katy Perry
22%
50 41,600,000 Alan Walker
20%
15 65,500,000 Canal KondZilla
20%
24 55,400,000 ChuChu TV
20%
28 51,500,000 Colors TV
20%
127 29,000,000 Dream
20%
45 43,200,000 HolaSoyGerman.
20%
18 64,900,000 HYBE LABELS
20%
39 45,400,000 JuegaGerman
20%
25 55,000,000 Marshmello
20%
57 39,000,000 Rihanna
20%
33 50,100,000 Tips Official
20%
40 45,400,000 YRF
20%
31 50,900,000 Aaj Tak
17%
30 51,100,000 Ariana Grande
17%
61 38,300,000 Bad Bunny
17%
41 45,100,000 Billie Eilish
17%
53 40,400,000 elrubiusOMG
17%
191 24,300,000 Jess No Limit
17%
36 48,700,000 LooLoo Kids
17%
91 32,500,000 Markiplier
17%
23 56,500,000 Movieclips
17%
75 35,400,000 Shakira
17%
73 35,900,000 Shemaroo
17%
38 45,500,000 Badabun
15%
190 24,300,000 Beyonce
15%
46 43,200,000 BRIGHT SIDE
15%
35 49,100,000 El Reino Infantil
15%
43 43,900,000 Felipe Neto
15%
135 28,200,000 jacksepticeye
15%
87 33,000,000 Masha And The Bear
15%
150 26,700,000 MrBeast Gaming
15%
66 36,900,000 One Direction
15%
20 59,300,000 Shemaroo Filmi Gaane
15%
78 35,000,000 shfa
15%
109 30,700,000 Sony PAL
15%
67 36,700,000 XXXTENTACION
15%
27 51,600,000 EminemMusic
13%
42 44,700,000 Fernanfloo
13%
168 25,400,000 PowerKids
13%
93 32,200,000 Ryan's World
13%
80 34,600,000 shfa2
13%
32 50,400,000 Sony Music India
13%
62 38,100,000 TheEllenShow
13%
77 35,100,000 Toys and Colors
13%
71 36,000,000 Daddy Yankee
11%
157 26,100,000 DanTDM
11%
156 26,200,000 Drake
11%
56 39,100,000 Get Movies
11%
112 30,500,000 IndiaTV
11%
49 42,700,000 Infobells - Hindi
11%
86 33,200,000 J Balvin
11%
69 36,100,000 Kimberly Loaiza
11%
52 40,900,000 Like Nastya Show
11%
65 37,100,000 LUCCAS NETO
11%
104 31,100,000 Mikecrack
11%
79 34,800,000 Ozuna
11%
111 30,500,000 Selena Gomez
11%
54 40,000,000 Speed Records
11%
98 31,900,000 Total Gaming
11%
34 49,500,000 T-Series Bhakti Sagar
11%
166 25,600,000 VanossGaming
11%
48 42,600,000 Voce Sabia?
11%
44 43,700,000 whinderssonnunes
11%
94 32,200,000 ABP NEWS
9%
76 35,200,000 CarryMinati
9%
97 31,900,000 Geet MP3
9%
64 37,100,000 GR6 EXPLODE
9%
130 28,800,000 HAR PAL GEO
9%
68 36,500,000 Ishtar Music
9%
92 32,400,000 Like Nastya ESP
9%
110 30,600,000 Luis Fonsi
9%
59 38,500,000 Luisito Comunica
9%
132 28,400,000 Maluma
9%
74 35,600,000 Maroon 5
9%
119 29,700,000 Ricis Official
9%
141 27,500,000 Saregama Music
9%
174 25,000,000 Smosh
9%
51 41,200,000 SonyMusicIndiaVEVO
9%
103 31,300,000 SSSniperWolf
9%
153 26,400,000 TheDonato
9%
72 36,000,000 Voot Kids
9%
58 38,900,000 ABS-CBN Entertainment
7%
136 28,100,000 Adele
7%
145 27,200,000 ARY Digital
7%
158 26,000,000 KAROL G
7%
60 38,500,000 Little Baby Bum
7%
100 31,600,000 Maria Clara & JP
7%
85 33,300,000 one31
7%
82 34,500,000 TEDx Talks
7%
138 27,700,000 The Weeknd
7%
114 30,400,000 Trap Nation
7%
101 31,600,000 Ultra Bollywood
7%
88 32,900,000 VEGETTA777
7%
181 24,600,000 Zee News
7%
200 23,900,000 Amit Bhadana
4%
169 25,300,000 BB Ki Vines
4%
107 30,900,000 BillionSurpriseToys
4%
198 24,000,000 David Guetta
4%
96 32,100,000 Desi Music Factory
4%
118 29,700,000 Galinha Pintadinha
4%
83 34,400,000 Jkk Entertainment
4%
189 24,300,000 Lucas and Marcus
4%
179 24,700,000 Michael Jackson
4%
117 30,100,000 Mr Bean
4%
182 24,500,000 MR. INDIAN HACKER
4%
194 24,100,000 Nicki Minaj
4%
146 27,200,000 Peppa Pig
4%
178 24,800,000 Renato Garcia
4%
122 29,600,000 rezendeevil
4%
84 33,800,000 Super Simple Songs
4%
142 27,500,000 Talking Tom
4%
167 25,400,000 Techno Gamerz
4%
143 27,500,000 The Late Late Show
4%
102 31,400,000 T-Series Apna Punjab
4%
70 36,100,000 WorkpointOfficial
4%
180 24,700,000 AboFlah
2%
129 29,000,000 AuronPlay
2%
133 28,300,000 BabyBus
2%
140 27,600,000 Boram Tube Vlog
2%
131 28,700,000 DisneyMusicVEVO
2%
165 25,600,000 enchufetv
2%
90 32,700,000 Gaane Sune Ansune
2%
106 30,900,000 GENIAL
2%
152 26,500,000 GMANetwork
2%
164 25,600,000 Infobells - Telugu
2%
195 24,100,000 James Charles
2%
147 27,100,000 Jingle Toons
2%
99 31,900,000 JustinBieberVEVO
2%
105 30,900,000 KHANDESHI MOVIES
2%
113 30,400,000 La Granja De Zenon
2%
148 26,900,000 Little Angel
2%
170 25,300,000 LosPolinesios
2%
188 24,300,000 Marilia Mendonca
2%
95 32,200,000 NoCopyrightSounds
2%
163 25,600,000 Round2hell
2%
126 29,100,000 Shawn Mendes
2%
116 30,200,000 SMTOWN
2%
123 29,400,000 Spinnin Records
2%
124 29,300,000 The Tonight Show
2%
154 26,400,000 ToyPuddingTV
2%
187 24,400,000 WatchMojo.Com
2%
149 26,800,000 Worldwide Records Bhojpuri
2%
151 26,600,000 Wow Kidz
2%
175 25,000,000 Yuya
2%
173 25,100,000 1MILLION Dance Studio
0%
199 24,000,000 1theK
0%
183 24,500,000 Aditya Music
0%
121 29,600,000 AH
0%
137 28,000,000 ashish chanchlani vines
0%
128 29,000,000 Bollywood Classics
0%
160 25,900,000 Bounce Patrol
0%
108 30,800,000 Ch3Thailand
0%
120 29,600,000 CVS 3D Rhymes
0%
184 24,500,000 Diana And Roma ESP
0%
176 25,000,000 EminemVEVO
0%
115 30,300,000 Eros Now Music
0%
185 24,400,000 Genevieve's PlayHouse
0%
139 27,600,000 ImagineDragons
0%
155 26,200,000 Infobells - Tamil
0%
192 24,200,000 JYP Entertainment
0%
177 24,900,000 KatyPerryVEVO
0%
193 24,200,000 Las Ratitas
0%
196 24,000,000 Nick Jr.
0%
125 29,200,000 Rajshri
0%
171 25,200,000 RihannaVEVO
0%
186 24,400,000 Super JoJo
0%
161 25,900,000 TaylorSwiftVEVO
0%
172 25,100,000 toycantando
0%
144 27,300,000 toyoraljanahtv
0%
134 28,200,000 Ultra Music
0%
159 25,900,000 Wiz Khalifa
0%
162 25,700,000 WORLDSTARHIPHOP
0%
No matching quizzes found
Score Distribution
Percent of People with Each Score
Percentile by Number Answered
Your Score History
You have not taken this quiz since the last reset